La constitución de las servidumbres por signo aparente (Record no. 34456)

MARC details
000 -LEADER
campo de control de longitud fija 00621nam a2200169 i 4500
001 - NÚMERO DE CONTROL
campo de control 34456
003 - IDENTIFICADOR DE NÚMERO DE CONTROL
campo de control ES-MaACL
005 - FECHA Y HORA DE LA ÚLTIMA TRANSACCIÓN
campo de control 20230906154934.0
007 - CAMPO FIJO DE DESCRIPCIÓN FÍSICA--INFORMACIÓN GENERAL
campo de control de longitud fija t|
008 - DATOS DE LONGITUD FIJA--INFORMACIÓN GENERAL
campo de control de longitud fija 030207s1970 sp ||||1| spa d
100 1# - ENTRADA PRINCIPAL--NOMBRE DE PERSONA
Nombre de persona Bonet Correa, José.
9 (RLIN) 30127
245 13 - MENCIÓN DEL TÍTULO
Título La constitución de las servidumbres por signo aparente
Resto del título : La "destinación del padre de familia" /
Mención de responsabilidad, etc. José Bonet Correa.
260 ## - PUBLICACIÓN, DISTRIBUCIÓN, ETC.
Lugar de publicación, distribución, etc. Madrid :
Nombre del editor, distribuidor, etc. Junta de Estudios Económicos, Jurídicos y Sociales,
Fecha de publicación, distribución, etc. 1970.
300 ## - DESCRIPCIÓN FÍSICA
Extensión XX, 142 p. ;
Dimensiones 24 cm.
710 2# - ENTRADA AGREGADA--NOMBRE DE ENTIDAD CORPORATIVA
Nombre de entidad corporativa o nombre de jurisdicción como elemento de entrada Junta de Estudios Económicos, Jurídicos y Sociales.
9 (RLIN) 5391
852 ## - LOCALIZACIÓN
Ubicación ES-MaACL
Número de control de estantería C-37643
Sublocalización o colección R.76705
Holdings
Estatus retirado Estado de pérdida Estado de daño No para préstamo Biblioteca de origen Biblioteca actual Ubicación en estantería Fecha de adquisición Fuente de adquisición Total de préstamos Signatura topográfica completa Código de barras Visto por última vez Precio de reemplazo Tipo de ítem Koha
        Biblioteca del Ateneo de Madrid Biblioteca del Ateneo de Madrid Depósito 2 17/01/2008     C-37643 1035942 23/02/2023 23/02/2023 Libro impreso